000 00842nam a22002657i 4500
999 _c175128
_d175128
003 PPAK
005 20191202105828.0
008 191202t20192007my g 001 0 mayod
020 _a9789671570487
_cRM38.00
_qpaperback
040 _aPPAK
_beng
_cPPAK
_erda
082 0 4 _223
_a297.2
090 0 0 _a297.2
_bATT
_dG
100 1 _aAl-Attas, Syed Muhammad Naquib,
_cTan Sri, Prof., Dr,
_d1931-
_eauthor.
245 1 0 _aTINJAUAN RINGKAS PERI ILMU DAN PANDANGAN ISLAM /
_coleh Syed Muhammad Naquib al-Attas
264 1 _aKuala Lumpur :
_bTa'dib International Sdn Bhd.,
_c2019
264 4 _c©2007
300 _aix, 76 pages :
_c21 cm
336 _2rdacontent
_atext
337 _2rdamedia
_aunmediated
338 _2rdacarrier
_avolume
500 _aIncludes index
650 1 0 _aIslam
_vDoctrines
650 2 0 _aFaith (Islam)
942 _2ddc
_cB